Vietnamese license plates by provinces - Statistics

General Stats
  • This quiz has been taken 153 times
  • The average score is 27 of 63
Answer Stats
Hint Answer % Correct
TPHCM 41, 50 - 59
72%
Hà Nội 29 - 33, 40
62%
Hải Dương 34
56%
Thừa Thiên Huế 75
56%
Nghệ An 37
52%
Quảng Trị 74
52%
Bình Dương 61
50%
Quảng Bình 73
50%
Cao Bằng 11
48%
Hải Phòng 15, 16
48%
Nam Định 18
48%
Phú Thọ 19
48%
Hà Tĩnh 38
48%
Đồng Nai 39, 60
48%
Đà Nẵng 43
48%
Quảng Ninh 14
46%
Thái Bình 17
46%
Đắk Lắk 47
46%
Kiên Giang 68
46%
Quảng Ngãi 76
46%
Thái Nguyên 20
44%
Ninh Bình 35
44%
Thanh Hóa 36
44%
Lâm Đồng 49
44%
Bà Rịa - Vũng Tàu 72
44%
Bình Định 77
44%
Lạng Sơn 12
42%
Long An 62
42%
Tiền Giang 63
42%
An Giang 67
42%
Cà Mau 69
42%
Phú Yên 78
42%
Khánh Hòa 79
42%
Quảng Nam 92
42%
Bắc Giang 98
42%
Sơn La 26
40%
Điện Biên 27
40%
Đắk Nông 48
40%
Vĩnh Long 64
40%
Cần Thơ 65
40%
Hà Nam 90
40%
Bắc Ninh 99
40%
Bến Tre 71
38%
Gia Lai 81
38%
Hòa Bình 28
36%
Đồng Tháp 66
36%
Kon Tum 82
36%
Vĩnh Phúc 88
36%
Hưng Yên 89
36%
Bình Phước 93
36%
Tuyên Quang 22
34%
Hà Giang 23
34%
Lào Cai 24
34%
Lai Châu 25
34%
Tây Ninh 70
34%
Sóc Trăng 83
34%
Ninh Thuận 85
34%
Hậu Giang 95
34%
Bình Thuận 86
32%
Bắc Kạn 97
32%
Yên Bái 21
30%
Trà Vinh 84
30%
Bạc Liêu 94
26%
No matching quizzes found
Score Distribution
Percent of People with Each Score
Percentile by Number Answered
Your Score History
You have not taken this quiz